यशवंतराव चव्हाण विधीमंडळातील भाषणे खंड - 1 (Record no. 423939)

MARC details
000 -LEADER
fixed length control field 00673nam a2200145Ia 4500
008 - FIXED-LENGTH DATA ELEMENTS--GENERAL INFORMATION
fixed length control field 100122s9999 xx 000 0 und d
082 ## - DEWEY DECIMAL CLASSIFICATION NUMBER
Item number 44092
Classification number 808.5
100 ## - MAIN ENTRY--PERSONAL NAME
Personal name चव्हाण यशवंतराव
245 ## - TITLE STATEMENT
Title यशवंतराव चव्हाण विधीमंडळातील भाषणे खंड - 1
260 ## - PUBLICATION, DISTRIBUTION, ETC. (IMPRINT)
Name of publisher, distributor, etc पी.बी.पाटील
Date of publication, distribution, etc 1989
300 ## - PHYSICAL DESCRIPTION
Extent 311
630 ## - SUBJECT ADDED ENTRY--UNIFORM TITLE
Uniform title यशवंतराव चव्हाण विधीमंडळातील भाषणे खंड - 1
730 ## - ADDED ENTRY--UNIFORM TITLE
Uniform title यशवंतराव चव्हाण विधीमंडळातील भाषणे खंड - 1
942 ## - ADDED ENTRY ELEMENTS (KOHA)
Koha item type Book
Holdings
Withdrawn status Lost status Damaged status Not for loan Home library Current library Date acquired Cost, normal purchase price Total Checkouts Full call number Barcode Date last seen Cost, replacement price Price effective from Koha item type Public note
        S.V. Pathak Library, Vile Parle S.V. Pathak Library, Vile Parle 07/22/1990 200.00   44092 SVPPARLE-44092 01/25/2010 200.00 01/25/2010 Book General NA